Transpozícia smernice ATAD 1 a zmeny v zdaňovaní fyzických osôb
Pokračovanie príspevku z predchádzajúceho čísla o zmenách, ktoré s účinnosťou od roku 2018 zaviedli novely zákona č. 595/2003 Z. z. o dani z príjmov v z. n. p. , a to novely č. 264/2017 Z. z., č. 279/2017 Z. z. a č. 335/2017 Z. z. Ilustračné príklady.
Salvato in:
| Autore principale: | |
|---|---|
| Altri autori: | |
| Natura: | Capitolo di libro |
| Lingua: | slovacco |
| Soggetti: | |
| Tags: |
Nessun Tag, puoi essere il primo ad aggiungerne!!
|
MARC
| LEADER | 00000naa a2200000 4500 | ||
|---|---|---|---|
| 001 | 0241994 | ||
| 005 | 20221104110911.3 | ||
| 041 | 0 | |a slo | |
| 044 | |a SK | ||
| 245 | 1 | 0 | |a Transpozícia smernice ATAD 1 a zmeny v zdaňovaní fyzických osôb |c Peter Horniaček, Viera Mezeiová |
| 520 | |a Pokračovanie príspevku z predchádzajúceho čísla o zmenách, ktoré s účinnosťou od roku 2018 zaviedli novely zákona č. 595/2003 Z. z. o dani z príjmov v z. n. p. , a to novely č. 264/2017 Z. z., č. 279/2017 Z. z. a č. 335/2017 Z. z. Ilustračné príklady. | ||
| 610 | 2 | 0 | |a dane z príjmov |
| 610 | 2 | 0 | |a Slovensko |
| 610 | 2 | 0 | |a zákony |
| 610 | 2 | 0 | |a novelizácia |
| 610 | 2 | 0 | |a dane z hodnoty pridanej |
| 610 | 2 | 0 | |a zdaňovanie |
| 610 | 2 | 0 | |a osoby fyzické |
| 100 | 1 | |a Horniaček, Peter | |
| 700 | 1 | |a Mezeiová, Viera | |